El debate nacional : los actores sociales /

Guardado en:
Bibliografiske detaljer
Hovedforfatter: Gutiérrez Garza, Esthela (coord. general)
Andre forfattere: Ramírez Sáiz, Juan Manuel (coordinación del volumen) (coordinación del volumen), Regalado Santillán, Jorge (coordinación del volumen) (coordinación del volumen)
Format: Bog
Sprog:spansk
Udgivet: Guadalajara, México : Universidad de Guadalajara, Centro Universitario de Ciencias Sociales y Humanidades : Diana, 1997, c1997
Serier:(El Debate Nacional ; 4)
Fag:
Tags: Tilføj Tag
Ingen Tags, Vær først til at tagge denne postø!

MARC

LEADER 00000nam^a2200000^a^4500
001 000258786
005 20250521000000.0
009 20260310110340.414
020 |a 968-13-3058-7 
037 |a Acervo Xavier Clavigero 
041 |a ESP 
082 |a 320. 972063  |b GUT V. 4 
100 |a Gutiérrez Garza, Esthela  |e (coord. general) 
240 1 4 |a [El debate nacional] 
245 1 3 |a El debate nacional :  |b los actores sociales /  |c Coord. general de E. Gutiérrez Garza ; coord. del volumen de J.M. Ramírez Sáiz, J. Regalado Santillán. 
264 4 |a Guadalajara, México :  |b Universidad de Guadalajara, Centro Universitario de Ciencias Sociales y Humanidades :  |b Diana,  |c 1997, c1997 
300 |a 389 p. 
336 |a texto  |b txt  |2 rdacontenido 
337 |a sin mediación  |b n  |2 rdamedio 
338 |a volumen  |b nc  |2 rdasoporte 
440 4 |a (El Debate Nacional ;  |v 4) 
610 |a Ejército Zapatista de Liberación Nacional 
649 |a XX 
650 |a Empresarios -  |z México -  |x Condiciones Sociales y Culturales 
650 |a Agricultores Mexicanos -  |x Condiciones Sociales y Culturales 
650 |a Indígenas de México -  |x Condiciones Sociales y Culturales 
650 |a Profesores Mexicanos -  |x Condiciones Sociales y Culturales 
650 |a Chicanos -  |x Condiciones Sociales y Culturales 
650 |a Diferencia y Otredad 
650 |a Identidad Nacional -  |z México 
650 |a Bancos y Operaciones Bancarias -  |z México 
650 |a Empresas -  |z México 
650 |a Transnacionales -  |z México 
650 |a Sindicalismo -  |z México 
650 |a Fuerzas Armadas -  |z México 
650 |a Iglesia Católica en México 
650 |a Educación Primaria -  |z México 
650 |a Sociedad Civil -  |z México 
650 |a Movimientos Sociales -  |z México 
650 |a Sociología 
650 |a Política -  |z México -  |x Historia -  |y 1946-2000 
650 |a Política -  |z México -  |x Historia -  |y Siglo XX 
650 |a México -  |x Condiciones Sociales y Culturales 
650 |a México -  |x Condiciones Políticas 
700 |a Ramírez Sáiz, Juan Manuel  |e (coordinación del volumen) 
700 |a Regalado Santillán, Jorge  |e (coordinación del volumen) 
910 |a Fondo General 
920 |a Impresos - Libros 
930 |a Colección General 
905 |a 101 
901 |a 070690  |b IT1  |c ACC  |u 20250521 
902 |a https://opac.biblio.iteso.mx/vufind/Record/000258786